000 00504nam a2200193Ia 4500
008 200601s9999 xx 000 0 und d
020 _a978-971-27-2585-2
050 _aFIL PR 9550.9
050 _b.J63m 2011
100 _aJoaquin, Nick.
245 0 _aMay day eve and other stories /
245 0 _cNick Joaquin.
260 _aMandaluyong City :
260 _bAnvil Publishing,
260 _c2011
300 _a101 pages :
300 _c19 cm.
650 _aShort stories, Philippine (English).
999 _c363187
_d363187